National library of medicine current catalog
Na minha lista:
| Formato: | Livro |
|---|---|
| Idioma: | Undetermined |
| Publicado em: |
Maryland
National Library of Medicine
1987
|
| Assuntos: | |
| Tags: |
Adicionar Tag
Sem tags, seja o primeiro a adicionar uma tag!
|
| Thư viện lưu trữ: | Trung tâm Học liệu Trường Đại học Cần Thơ |
|---|
| LEADER | 00467nam a2200145Ia 4500 | ||
|---|---|---|---|
| 001 | CTU_32998 | ||
| 008 | 210402s9999 xx 000 0 und d | ||
| 082 | |a 016.61 | ||
| 082 | |b N277 | ||
| 245 | 0 | |a National library of medicine current catalog | |
| 260 | |a Maryland | ||
| 260 | |b National Library of Medicine | ||
| 260 | |c 1987 | ||
| 650 | |a bibliography of medicine,catalogs, union,libraries, medical - catalogs | ||
| 980 | |a Trung tâm Học liệu Trường Đại học Cần Thơ | ||